[Event "Liberec Region-chT 2223"]
[Site "Czech Republic"]
[Date "2023.04.02"]
[Round "11.8"]
[White "Vomela, Patrik"]
[Black "Zitek, Jiri"]
[Result "0-1"]
[WhiteElo "1309"]
[BlackElo "1620"]
[PlyCount "116"]
[EventDate "2022.10.09"]
[EventType "team-tourn"]
[EventRounds "11"]
[EventCountry "CZE"]
[SourceTitle "EXT 2024"]
[Source "ChessBase"]
[SourceDate "2023.10.10"]
[SourceVersion "1"]
[SourceVersionDate "2023.10.10"]
[SourceQuality "1"]

1. e4 d6 2. d4 Nd7 3. Nf3 c6 4. Bc4 h6 5. d5 Ngf6 6. Nbd2 Nb6 7. b3 cxd5 8. exd5 Nfxd5 9. Bxd5 Nxd5 10. Ne4 e6 11. c4 Nf6 12. Nxf6+ Qxf6 13. Ba3 Bd7 14. 0-0 Rd8 15. Qe2 Bc6 16. Rad1 Be7 17. Nd4 0-0 18. Bb2 Qg6 19. f3 d5 20. cxd5 Bxd5 21. Kh1 Bd6 22. Nb5 Bc5 23. Bd4 Bxd4 24. Rxd4 a6 25. Nc3 Bxf3 26. Rxd8 Bxe2 27. Rxf8+ Kxf8 28. Nxe2 Qd3 29. Ng3 h5 30. Kg1 h4 31. Nh5 Qd4+ 32. Kh1 h3 33. Nf4 hxg2+ 34. Kxg2 Qe4+ 35. Kg3 g5 36. Nh3 Qh4+ 37. Kg2 Qg4+ 38. Kh1 Qxh3 39. Kg1 Qg4+ 40. Kf2 Qf4+ 41. Kg2 Qe4+ 42. Kg1 f5 43. b4 Qxb4 44. h4 Qg4+ 45. Kf2 gxh4 46. a4 Qg3+ 47. Ke2 Qg2+ 48. Rf2 Qe4+ 49. Kf1 h3 50. a5 Qh1+ 51. Ke2 h2 52. Rf1 Qxf1+ 53. Kxf1 h1Q+ 54. Kf2 e5 55. Ke3 Qe4+ 56. Kf2 f4 57. Kf1 Qc2 58. Kg1 f3 0-1